| 000 | 00357 a2200157 4500 | ||
|---|---|---|---|
| 001 | 61400 | ||
| 020 | _a9783126760126 | ||
| 040 | _cAnchieta - Pituba | ||
| 100 | _aSprachen, Ernst Klett | ||
| 240 | 1 | 0 |
_aMagnet A1 _lpor |
| 245 | 1 | 0 | _aMagnet A1 |
| 300 | _a64 | ||
| 362 | 0 | _a2007 | |
| 650 | 4 | _aLínguas germânicas (teutônicas) língua alemã | |
| 942 | _cBK | ||
| 999 |
_c61400 _d61400 |
||